Top 50 Premier League Scorers of the 2010s - Statistics

General Stats
  • This quiz has been taken 926 times
  • The average score is 31 of 50
Answer Stats
# G Club(s) Player % Correct
1 174 Manchester City Sergio Agüero
100%
2 136 Tottenham Hotspur Harry Kane
99%
6 97 Leicester City Jamie Vardy
97%
3 114 Manchester United & Everton Wayne Rooney
97%
5 98 Arsenal & Manchester United Robin van Persie
93%
9 77 Liverpool & Manchester City Raheem Sterling
91%
4 113 West Bromwich Albion, Everton & Manchester United Romelu Lukaku
91%
10 76 Southampton & Liverpool Sadio Mané
91%
16 65 Liverpool Mohamed Salah
88%
17 64 Chelsea & Manchester City Frank Lampard
84%
7 85 Chelsea Eden Hazard
81%
36 47 Tottenham Hotspur Heung-min Son
80%
8 78 Arsenal & Chelsea Olivier Giroud
76%
22 54 Liverpool Roberto Firmino
76%
41 43 West Ham United, Newcastle United & Chelsea Demba Ba
72%
13 69 Liverpool Luis Suárez
72%
24 52 Tottenham Hotspur & Stoke City Peter Crouch
72%
13 69 Tottenham Hotspur, Sunderland & AFC Bournemouth Jermain Defoe
71%
27 51 Leicester City & Manchester City Riyad Mahrez
71%
37 45 Liverpool Steven Gerrard
71%
41 43 Sunderland, Aston Villa & Fulham Darren Bent
67%
18 63 Arsenal & Manchester United Alexis Sánchez
66%
11 72 Chelsea, Bolton Wanderers & Liverpool Daniel Sturridge
66%
21 57 Manchester City David Silva
66%
12 70 Aston Villa, Liverpool & Crystal Palace Christian Benteke
64%
50 39 Manchester United Marcus Rashford
64%
24 52 Chelsea Diego Costa
62%
37 45 Arsenal Pierre-Emerick Aubameyang
61%
15 66 Arsenal & Everton Theo Walcott
56%
24 52 Manchester United & Fulham Dimitar Berbatov
55%
29 50 Chelsea & Manchester United Juan Mata
55%
29 50 Newcastle United, Liverpool & West Ham United Andy Carroll
54%
32 49 Manchester City Carlos Tévez
53%
29 50 Manchester City Edin Džeko
53%
49 40 Watford Troy Deeney
52%
20 59 Manchester City Yaya Touré
52%
45 41 Sunderland, Manchester United & Arsenal Danny Welbeck
48%
45 41 Tottenham Hotspur Gareth Bale
48%
45 41 Manchester United Anthony Martial
47%
33 48 Tottenham Hotspur Dele Alli
47%
27 51 Tottenham Hotspur Christian Eriksen
45%
19 60 Swansea City, Tottenham Hotspur & Everton Gylfi Sigurdsson
42%
45 41 Liverpool Philippe Coutinho
39%
37 45 Manchester City, Tottenham Hotspur & Crystal Palace Emmanuel Adebayor
34%
37 45 AFC Bournemouth Joshua King
32%
41 43 Stoke City & West Ham United Marko Arnautović
25%
33 48 West Bromwich Albion, Hull City & Southampton Shane Long
22%
23 53 Manchester United & West Ham United Javier Hernández
19%
41 43 Stoke City Jonathan Walters
15%
33 48 Burnley, Wolverhampton & Sunderland Steven Fletcher
13%
No matching quizzes found
Score Distribution
Percent of People with Each Score
Percentile by Number Answered
Your Score History
You have not taken this quiz